Kutsal imece (Record no. 1610)

MARC details
000 -BAŞLIK
Sabit Uzunlukta Kontrol Alanı 00651na a2200241 4500
001 - KONTROL NUMARASI
Denetim Alanı 13184
003 - KONTROL NUMARASI IDENTIFIER
Denetim Alanı MIRAKIL
005 - SON İŞLEM TARİHİ VE ZAMANI
Denetim Alanı 20181213154829.0
008 - SABİT-BOY VERİ ELEMANLARI - GENEL BİLGİLER
Sabit Uzunlukta Kontrol Alanı 160930b tu 000 0
035 ## - SİSTEM KONTROL NUMARASI
Sistem Kontrol Numarası 13184
040 ## - KATALOGLAMA KAYNAK
Orijinal Kataloglama Ajansı Milas
Kataloglama Dili tur
Metne Dönüştürmek Ajansı TR-AnCHP
082 ## - DEWEY ONLU SINIFLANDIRMA NUMARASI
Sınıflandırma Numarası 813.42
Ürün Numarası Y23k 1979
090 ## - SINIFLAMA NUMARASI
Sınıflama Numarası 813.42 Y23k 1979
100 ## - ANA GİRİŞ - KİŞİSEL İSİM
Kişisel Ad Yağmur, Mahmut
245 ## - BAŞLIK TABLOSU
Başlık Kutsal imece
Sorumluluk Tablosu, Vb Mahmut Yağmur
260 ## - YAYIN, DAĞITIM, VB
Yayın, Dağıtım, Vb Yeri İstanbul
Yayıncı, Dağıtıcı, Vs Adı Köyün Çocuğu Yayınları
Yayın, Dağıtım, Vb Tarihi 1979
300 ## - FİZİKSEL TANIM
Kapsam 75 s.
Boyutlar 20 sm.
440 ## - SERİSİ TABLOSU / KATMA GİRİŞİ - BAŞLIK
Başlık Köyün Çocuğu Yayınları
490 ## - SERİSİ TABLOSU
Seri Beyanı Ünlü yazarlar dizisi
Hacim / Ardışık Tanımı 11
650 ## - KONU KATMA GİRİŞ - TOPİKAL DÖNEM
Topikal Süreli Veya Coğrafi Ad Giriş Elemanı Tarihi roman
650 ## - KONU KATMA GİRİŞ - TOPİKAL DÖNEM
Topikal Süreli Veya Coğrafi Ad Giriş Elemanı Türk edebiyatı
Genel Alt Bölümü Öykü
942 ## - EKLENDİ GİRİŞ ELEMANLARI (KOHA)
Sınıflandırma Veya Raf Düzeni Kaynak Dewey Decimal Classification
Koha Öğesi Türü Books
999 ## - SİSTEM KONTROL NUMARALARI (KOHA)
Koha Biblionumber 1610
Koha Biblioitemnumber 1610
Holdings
Kalıcı Konum Mevcut Konum Edinme Tarihi Edinim Kaynak Toplam Check-Out'Lar Tam Çağrı Numarası Barkod Tarih Son Görülme İtibaren Geçerli Fiyatlar Koha Öğesi Türü
CHP Kütüphanesi CHP Kütüphanesi 08/10/2016 Bağış   813.42 Y23k 1979 000692 08/10/2016 08/10/2016 Books